| 000 | 00768nam a2200253Ia 4500 | ||
|---|---|---|---|
| 003 | OSt | ||
| 005 | 20221005115022.0 | ||
| 006 | a|||||r|||| 00| 0 | ||
| 007 | ta | ||
| 008 | 221004b |||||||| |||| 00| 0 eng d | ||
| 024 | _a26952 | ||
| 037 | _cTextual | ||
| 040 |
_aCRL _cCRL _beng |
||
| 041 |
_2eng _aeng |
||
| 082 | _az49Ba, K4 | ||
| 100 |
_aGoto Kimpei Ed. _9626992 |
||
| 110 |
_aCentre for east asian cultural studies. (Tokyo) _9626993 |
||
| 245 | 0 | _aBibliography of bibliographies of East Asian Studies in Japan. Ed. by Kimpei Goto. | |
| 260 | _c1964 | ||
| 490 | _aIts Bibliography, 3 | ||
| 700 |
_aCentre for east asian cultural studies. (Tokyo) _9626994 |
||
| 942 |
_hz49Ba, K4 _cTEXL _2cc |
||
| 999 |
_c1033189 _d1033189 |
||